000 00546nam a22001817a 4500
999 _c172823
_d172823
005 20200213125251.0
010 _aENG-127728
020 _c180.00
_a9789388927475
035 _aEN-111260
037 _bDBAD/PUB
082 _a305.2350954
100 _aDave,Vishal
245 _aChetan Bhagat's Views in What young India wants/
_cby Dave,Vishal
260 _aAhmedabad
_c2019
_bVedant Publication
270 _aRajkot, Ahmedabad, Surat
_e360001
_bAhmedabad
300 _a95p.
_b21cm(pbk)
942 _2ddc
_cEN
_h305.2350954
_mDAV